000 00885nam a22001937a 4500
999 _c12760
_d12760
003 AR-CdUCM
008 190410b ||||| |||| 00| 0 spa d
040 _aMUNICIPALIDAD PROVINCIAL DEL CUSCO
_cBIBLIOTECA MUNICIPAL DEL CUSCO
082 _a376.9 /
_bD76
100 _aDottrens, Robert
_911837
245 _aCómo mejorar los programas escolares :
_bDe acuerdo con la pedagogía experimental /
260 _aBuenos aires :
_bKapelusz,
_c1961.
300 _a301 páginas ;
_c20 cm.
505 _aContenido :Educación general de los programas -- Programas y métodos -- Organización escolar y planes de estudios -- La pedagogía experimental y el perfeccionamiento de los programas escolares -- Revisión y mejoramiento de los programas escolares --Problemas conexos ...
650 _aEducación.
_9460
650 _aPlanes y programas.
_93592
942 _2ddc
_cLIBROS
945 _arum